Estimation of Risk Adjustment from Non-financial Risk under Principles of IFRS 17

Návrh metódy modelovania úpravy rizika, ktorá je zavedená a modifikovaná štandardom IFRS 17. Navrhovaná metóda Cost of Capital je známa a používa sa na modelovanie rizikovej marže pre účely vykazovania solventnosti poisťovne. Objasnenie úpravy rizika, vysvetlenie princípov, podľa ktorých ho budú mus...

Descripción completa

Guardado en:
Detalles Bibliográficos
Autor principal: Zelinová, Silvia, 1987-
Otros Autores: Sakálová, Katarína, 1955-
Formato: Capítulo de libro
Lenguaje:eslovaco
Materias:
Etiquetas: Agregar Etiqueta
Sin Etiquetas, Sea el primero en etiquetar este registro!

MARC

LEADER 00000naa$a2200000$$$4500
001 0289801
005 20240502083931.8
041 0 |a slo 
044 |a CZ 
245 1 0 |a Estimation of Risk Adjustment from Non-financial Risk under Principles of IFRS 17  |c Silvia Zelinová, Katarína Sakálová 
520 |a Návrh metódy modelovania úpravy rizika, ktorá je zavedená a modifikovaná štandardom IFRS 17. Navrhovaná metóda Cost of Capital je známa a používa sa na modelovanie rizikovej marže pre účely vykazovania solventnosti poisťovne. Objasnenie úpravy rizika, vysvetlenie princípov, podľa ktorých ho budú musieť poisťovne odhadovať a ponuka odhadu pomocou metódy Cost of Capital, ktorá je vyhodnotená ako vhodnú na použitie, ale s rôznymi modifikáciami. Poisťovňa si môže zvoliť ľubovoľný spôsob odhadu úpravy rizika za predpokladu dodržania všetkých zásad stanovených normou. 
610 2 0 |a IFRS 
610 2 0 |a riziko 
610 2 0 |a poisťovne 
610 2 0 |a risk management 
610 2 0 |a poistenie životné 
610 2 0 |a aktuári 
610 2 0 |a metódy 
610 2 0 |a solventnosť 
610 2 0 |a hodnota 
100 1 |a Zelinová, Silvia, 1987- 
700 1 |a Sakálová, Katarína, 1955-